00440 2200169 4500001002100000008004100021035002000062245008300082100001800165250000600183260002200189300001100211084001400222082000800236650001400244990001200258INLIS000000000001111 ind  a0010-0524000346 aPerawatan Pasien Diabetes Mellitus Dengan Tanaman Obat IndonesiacEko Julianto aJulianto, Eko a1 aSemarang :bUNDIP a54 hlm a600 EKO p a600 aNon Fiksi a0744089